000 00769cam a2200253 4500
001 17353
005 20230410123430.0
008 060907s2003 enk eng
020 _a0406959498
035 _9funglode17489
041 _aeng
050 1 4 _aKD 2870
_bW461m 2003
100 1 _aWelsh, Tom
245 1 0 _aMcNae's essential law for journalists /
_cTom Welsh
246 3 0 _aEssential law for journalists
250 _a7a ed.
260 _aLondon :
_bLexis Nexis,
_c2003
300 _axx, 580 p.
650 0 _aPress law
_zGreat Britain
_vPeriodicals.
650 0 _aJournalists
_xLegal status, laws, etc.
_zGreat Britain
_vPeriodicals.
650 4 _aPrensa
_xLegislación
_zGran BretaƱa.
700 1 _aMcNae, Leonard Cyril James,
_d1902-
942 _2lcc
_cbk
999 _c61309
_d61309